000 00340nam a2200157Ia 4500
003 OSt
005 20240119144721.0
008 170523s9999 xx 000 0 und d
020 _a978-8120304840
040 _cIIMT
100 _aLUCK- DAVID J
245 0 _aMARKETING RESEARCH
260 _bNEW DELHI PHI
260 _c1999
942 _2ddc
_c02
999 _c61
_d61